[Event "V Festival Scacchi Verdi"]
[Site "Bresso ITA"]
[Date "2006.06.15"]
[Round "1"]
[White "Mannoni, Luigi"]
[Black "Barberi, Alessandro"]
[Result "0-1"]
[WhiteElo "1649"]
[BlackElo "2153"]
[PlyCount "82"]
[EventDate "2006.06.15"]

1. e4 g6 2. d4 Bg7 3. Nf3 d6 4. Be3 Nd7 5. c3 Ngf6 6. Bd3 O-O 7. O-O e5 8. d5
h6 9. Ne1 c6 10. c4 Ne8 11. Nc3 f5 12. exf5 gxf5 13. f4 e4 14. Be2 Ndf6 15. Bd4
c5 16. Bf2 Qe7 17. Bh4 Qf7 18. Nc2 Bd7 19. Ne3 Rb8 20. a4 Kh8 21. Bxf6 Qxf6 22.
Kh1 Qd4 23. Qc1 b6 24. Rb1 a6 25. Ncd1 Bxa4 26. Ra1 Bxd1 27. Nxd1 Nc7 28. Ra3
Rb7 29. Rh3 b5 30. Nc3 bxc4 31. Rd1 Qf6 32. Bxc4 Rfb8 33. Na4 Rb4 34. b3 Nb5
35. Re1 Nd4 36. Ree3 Kh7 37. Qd1 Nc2 38. Reg3 Qa1 39. Qxa1 Nxa1 40. Rh5 Rxc4
41. h4 Rxb3 0-1

[Event "V Festival Scacchi Verdi"]
[Site "Bresso ITA"]
[Date "2006.06.15"]
[Round "1"]
[White "Rezzonico, Paolo"]
[Black "Agustoni, Alessandro"]
[Result "1/2-1/2"]
[WhiteElo "2063"]
[BlackElo "1512"]
[PlyCount "65"]
[EventDate "2006.06.15"]

1. e4 e6 2. d4 d5 3. Nc3 Bb4 4. exd5 exd5 5. Bd3 Nf6 6. Bg5 O-O 7. Nge2 Bg4 8.
O-O c6 9. Qd2 Nbd7 10. a3 Bd6 11. Nd1 Qc7 12. f4 Ne4 13. Bxe4 dxe4 14. Ng3 Rae8
15. Ne3 f6 16. Nxg4 fxg5 17. Ne5 gxf4 18. Rxf4 Rxf4 19. Qxf4 Nxe5 20. dxe5 Bc5+
21. Kh1 Qxe5 22. Qxe5 Rxe5 23. Re1 e3 24. Ne2 Kf7 25. g3 Rf5 26. Nf4 g5 27. Nd3
Bd4 28. Kg2 Ke6 29. h3 a5 30. g4 Rf7 31. Re2 Kd5 32. Re1 Ke4 33. Re2 1/2-1/2

[Event "V Festival Scacchi Verdi"]
[Site "Bresso ITA"]
[Date "2006.06.15"]
[Round "1"]
[White "Ronconi, Fausto"]
[Black "Azzinaro, Luca"]
[Result "1-0"]
[WhiteElo "1703"]
[BlackElo "1398"]
[PlyCount "181"]
[EventDate "2006.06.15"]

1. d4 d5 2. c4 e6 3. Nc3 Nf6 4. Bg5 Nbd7 5. Nf3 c6 6. cxd5 cxd5 7. e3 Be7 8.
Bd3 O-O 9. O-O a6 10. Qc2 b5 11. b3 Bb7 12. Rac1 Rc8 13. Qb1 h6 14. Bh4 Bd6 15.
Ne2 Qb6 16. Bg3 Bxg3 17. Nxg3 Rc6 18. Rxc6 Bxc6 19. b4 Rc8 20. Rc1 Bb7 21.
Rxc8+ Bxc8 22. Qc2 Bb7 23. Nd2 Qc6 24. Nb3 Qxc2 25. Bxc2 Nb8 26. Nc5 Bc8 27. f3
Nfd7 28. Kf2 Nxc5 29. dxc5 Nc6 30. a3 Ne5 31. Ke2 Bd7 32. Bb3 g6 33. Kd2 Nc6
34. Ne2 Kf8 35. Nd4 Nxd4 36. exd4 Ke7 37. Ke3 f6 38. f4 Bc6 39. Bc2 g5 40. Kf3
f5 41. g4 Bd7 42. Kg3 fxg4 43. fxg5 hxg5 44. Bd1 Kf6 45. Bxg4 Be8 46. Kf2 Bd7
47. Ke3 Bc6 48. Kd2 Be8 49. Kc3 Bc6 50. Kb3 Ke7 51. Be2 Kf6 52. Kb2 Bd7 53. a4
Kf5 54. axb5 axb5 55. Kc3 Ke4 56. Bg4 Kf4 57. h3 Ke3 58. c6 Bxc6 59. Bxe6 Ke4
60. Bg4 Be8 61. Be2 Bd7 62. Bf1 Kf4 63. Kd2 Kg3 64. Ke3 g4 65. hxg4 Kxg4 66.
Bg2 Bc6 67. Bf3+ Kg5 68. Be2 Kf6 69. Kf4 Bd7 70. Bf3 Bc6 71. Bg4 Bb7 72. Bd7
Ba6 73. Bc6 Ke6 74. Be8 Kf6 75. Bd7 Bb7 76. Bxb5 Ba8 77. Ba6 Ke7 78. Ke5 Bc6
79. Be2 Kd8 80. Bf3 Ke7 81. Bxd5 Bd7 82. Bc4 Kd8 83. b5 Kc7 84. Kd5 Be8 85. Kc5
Bd7 86. d5 Kb8 87. Kb6 Be8 88. d6 Bd7 89. Bd5 Kc8 90. Bc6 Be6 91. Kc5 1-0

[Event "V Festival Scacchi Verdi"]
[Site "Bresso ITA"]
[Date "2006.06.15"]
[Round "1"]
[White "Rossi, Giampiero"]
[Black "Basilico, Davide"]
[Result "1-0"]
[WhiteElo "2002"]
[BlackElo "1482"]
[PlyCount "105"]
[EventDate "2006.06.15"]

1. d4 d5 2. c4 e6 3. Nc3 Nf6 4. cxd5 exd5 5. Bg5 Nbd7 6. e3 Be7 7. Qc2 c6 8.
Bd3 O-O 9. Nge2 h6 10. Bh4 Re8 11. O-O c5 12. dxc5 g5 13. Bg3 Nxc5 14. Rad1
Nxd3 15. Qxd3 Be6 16. Nd4 Kg7 17. Nf5+ Bxf5 18. Qxf5 Qb6 19. Be5 Qe6 20. Bxf6+
Bxf6 21. Qxd5 Bxc3 22. Qxe6 Rxe6 23. bxc3 Rc8 24. Rb1 Rxc3 25. Rxb7 Ra3 26. Rb2
Rea6 27. Ra1 Rb6 28. Rxb6 axb6 29. g4 b5 30. Kg2 b4 31. Rb1 Rxa2 32. Rxb4 Rc2
33. Rb5 f6 34. Rf5 Rc4 35. h3 Re4 36. Kf3 Rc4 37. h4 Rb4 38. h5 Rc4 39. Rd5 Rc7
40. Ke4 Rf7 41. Kf5 Kh8 42. Ke6 Kg8 43. Rd8+ Kg7 44. Rd7 Rxd7 45. Kxd7 Kf7 46.
e4 f5 47. f3 fxg4 48. fxg4 Kf6 49. Kd6 Kf7 50. e5 Ke8 51. Ke6 Kf8 52. Kf6 Ke8
53. Kg6 1-0

[Event "V Festival Scacchi Verdi"]
[Site "Bresso ITA"]
[Date "2006.06.15"]
[Round "1"]
[White "Salvador, Roland"]
[Black "Concavo, Daniele"]
[Result "1-0"]
[WhiteElo "2396"]
[BlackElo "1662"]
[PlyCount "55"]
[EventDate "2006.06.15"]

1. d4 Nf6 2. Nf3 g6 3. Nc3 Bg7 4. e4 d6 5. Be3 O-O 6. Qd2 c6 7. a4 Nbd7 8. Bc4
e5 9. Ba2 Qe7 10. O-O-O a6 11. a5 b5 12. axb6 Rb8 13. dxe5 dxe5 14. Qd6 Qxd6
15. Rxd6 Nxb6 16. Rxc6 Nbd7 17. Rd1 Rb4 18. Rc7 Nxe4 19. Nxe4 Rxe4 20. Ng5 Ra4
21. Bxf7+ Kh8 22. Rdxd7 Bxd7 23. Rxd7 Bf6 24. Bb3 Ra1+ 25. Kd2 Bxg5 26. Bxg5
Rxf2+ 27. Ke3 Rf8 28. Bh6 1-0

[Event "V Festival Scacchi Verdi"]
[Site "Bresso ITA"]
[Date "2006.06.15"]
[Round "1"]
[White "Taglione, Giuseppe"]
[Black "Scotti, Mirko"]
[Result "0-1"]
[WhiteElo "1442"]
[BlackElo "1876"]
[PlyCount "60"]
[EventDate "2006.06.15"]

1. e4 e6 2. d4 d5 3. e5 c5 4. c3 Qb6 5. Nf3 Bd7 6. Bd3 Bb5 7. O-O Bxd3 8. Qxd3
Nc6 9. Rd1 h5 10. h4 Be7 11. Qc2 Nh6 12. g3 Rc8 13. b3 Nf5 14. Be3 O-O 15. Qe2
Rc7 16. Rc1 cxd4 17. cxd4 Ncxd4 18. Nxd4 Rxc1+ 19. Bxc1 Qxd4 20. Bb2 Nxg3 21.
Qd2 Qxd2 22. Nxd2 Nf5 23. Rc1 Bxh4 24. Nf3 Bd8 25. Ba3 Re8 26. Bc5 a6 27. a4 g5
28. Kg2 g4 29. Nd2 Bg5 30. Rc2 Rc8 0-1

[Event "V Festival Scacchi Verdi"]
[Site "Bresso ITA"]
[Date "2006.06.15"]
[Round "1"]
[White "Tosetto, Flavio"]
[Black "Merlini, Luigi"]
[Result "1/2-1/2"]
[WhiteElo "1748"]
[BlackElo "1432"]
[PlyCount "118"]
[EventDate "2006.06.15"]

1. e4 e5 2. Nf3 Nc6 3. Bb5 a6 4. Ba4 Nf6 5. O-O Be7 6. Re1 b5 7. Bb3 O-O 8. c3
d5 9. exd5 Nxd5 10. Nxe5 Nxe5 11. Rxe5 Nf6 12. d4 Bd6 13. Re1 Ng4 14. h3 Qh4
15. Qf3 Nxf2 16. Bxf7+ Kh8 17. Re8 Bb7 18. Rxf8+ Rxf8 19. Qxf2 Bh2+ 20. Kf1 Bg3
21. Qf5 Be4 22. Bg5 Bxf5 23. Bxh4 Bxh4 24. g4 Bd3+ 25. Kg2 Rxf7 26. Na3 Rf2+
27. Kg1 Rxb2 28. Rd1 Bf2+ 29. Kg2 Be4+ 30. Kf1 Bh4 31. Kg1 Rxa2 32. Nb1 Bxb1
33. Rxb1 Rc2 34. Ra1 Rxc3 35. Rxa6 g6 36. Ra5 b4 37. Rb5 Be7 38. Kg2 Kg7 39. h4
Rd3 40. d5 b3 41. h5 Kf6 42. g5+ Ke5 43. hxg6 hxg6 44. Kf2 Rxd5 45. Rxb3 Bxg5
46. Kf3 c5 47. Rc3 Kd4 48. Ra3 c4 49. Ke2 Kc5 50. Rc3 Kb4 51. Rc2 Kb3 52. Rxc4
Kxc4 53. Kf3 Rd4 54. Kg3 Bh4+ 55. Kh3 g5 56. Kg2 Rd3 57. Kg1 g4 58. Kg2 Bf6 59.
Kg1 Rd2 1/2-1/2

[Event "V Festival Scacchi Verdi"]
[Site "Bresso ITA"]
[Date "2006.06.16"]
[Round "2"]
[White "Barberi, Alessandro"]
[Black "Gandolfi, Gianfranco"]
[Result "1-0"]
[WhiteElo "2153"]
[BlackElo "1875"]
[PlyCount "63"]
[EventDate "2006.06.15"]

1. d4 Nf6 2. c4 e6 3. Nf3 c5 4. e3 d5 5. cxd5 exd5 6. Be2 Nc6 7. O-O c4 8. b3
cxb3 9. Qxb3 Be7 10. Nc3 O-O 11. Ne5 Na5 12. Qa4 a6 13. Ba3 Bxa3 14. Qxa3 b5
15. Qb4 Be6 16. a4 Nc4 17. axb5 axb5 18. Nxb5 Qb6 19. Rxa8 Rxa8 20. Nxc4 dxc4
21. Bxc4 Nd5 22. Qd6 Qxd6 23. Nxd6 Rd8 24. Nb7 Rb8 25. Ra1 g6 26. Nc5 Nc7 27.
Nxe6 Nxe6 28. g3 Ng5 29. Kg2 Rc8 30. Bd5 h5 31. h4 Nh7 32. Ra7 1-0

[Event "V Festival Scacchi Verdi"]
[Site "Bresso ITA"]
[Date "2006.06.16"]
[Round "2"]
[White "Basilico, Davide"]
[Black "D'Aulisa, Francesco"]
[Result "1-0"]
[WhiteElo "1482"]
[BlackElo "1682"]
[PlyCount "111"]
[EventDate "2006.06.15"]

1. Nf3 d6 2. e4 e6 3. d4 a6 4. Nc3 h6 5. Bc4 Nd7 6. Bf4 Ne7 7. O-O b6 8. e5 d5
9. Bd3 c5 10. b3 Qc7 11. Ne2 Bb7 12. c3 c4 13. Bc2 b5 14. a4 Bc6 15. Bg3 cxb3
16. Bxb3 Nb6 17. a5 Nc4 18. Nd2 Nxa5 19. Bc2 Nc4 20. Nxc4 dxc4 21. f4 Nd5 22.
Qd2 g6 23. Be4 Ne7 24. Qc2 Qb7 25. Bxc6+ Qxc6 26. Bf2 Nf5 27. g4 Ne7 28. Bh4
Nd5 29. Qe4 Be7 30. Bxe7 Kxe7 31. f5 gxf5 32. gxf5 Rhg8+ 33. Ng3 Nb4 34. Qh4+
Kd7 35. cxb4 Rg7 36. fxe6+ fxe6 37. Qh5 Rag8 38. Rf7+ Kc8 39. Rxg7 Rxg7 40.
Qxh6 Qd7 41. Qf4 Kb7 42. Qe4+ Kb6 43. Kh1 Rg8 44. Ne2 Qe7 45. Rb1 Rg5 46. Nf4
Rf5 47. d5 Qf8 48. Qd4+ Kb7 49. Rf1 Qxb4 50. Qe4 Kb6 51. dxe6 Rxf4 52. Qxf4 Qe7
53. Qf6 Qb7+ 54. Kg1 Kc5 55. e7 Qd7 56. Qd6+ 1-0

[Event "V Festival Scacchi Verdi"]
[Site "Bresso ITA"]
[Date "2006.06.16"]
[Round "2"]
[White "Bernago, Federico"]
[Black "Salvador, Roland"]
[Result "0-1"]
[WhiteElo "1990"]
[BlackElo "2396"]
[PlyCount "64"]
[EventDate "2006.06.15"]

1. e4 c5 2. Nf3 Nc6 3. d3 g6 4. g3 Bg7 5. Bg2 Rb8 6. a4 a6 7. O-O b5 8. axb5
axb5 9. Nbd2 e5 10. Nh4 d6 11. Re1 Be6 12. Nf1 Nh6 13. Ne3 O-O 14. Nd5 Kh8 15.
h3 Qd7 16. Kh2 f5 17. f4 exf4 18. Bxf4 fxe4 19. dxe4 Nf7 20. Qc1 Nd4 21. Ra6 g5
22. Bxg5 Nxg5 23. Qxg5 Be5 24. Ne7 Rg8 25. Nxg8 Rxg8 26. Qh6 Bxg3+ 27. Kh1 Bxe1
28. Qf6+ Qg7 29. Qxg7+ Kxg7 30. Nf5+ Bxf5 31. exf5 Nxf5 32. Be4 Ng3+ 0-1

[Event "V Festival Scacchi Verdi"]
[Site "Bresso ITA"]
[Date "2006.06.16"]
[Round "2"]
[White "Cervini, Gian Piero"]
[Black "Garlera, Marco"]
[Result "0-1"]
[WhiteElo "1831"]
[BlackElo "1499"]
[PlyCount "92"]
[EventDate "2006.06.15"]

1. e4 e5 2. Nf3 Nc6 3. d4 exd4 4. Nxd4 g6 5. Nxc6 bxc6 6. Bd2 Bg7 7. Bc3 Nf6 8.
Bd3 O-O 9. O-O d5 10. Nd2 Re8 11. Re1 Bb7 12. Qf3 c5 13. exd5 Qxd5 14. Qxd5
Bxd5 15. Bc4 c6 16. Rad1 Rab8 17. b3 Nd7 18. Bxg7 Kxg7 19. f4 f5 20. Kf2 Nf6
21. Rxe8 Rxe8 22. Bxd5 cxd5 23. h3 d4 24. Re1 Rxe1 25. Kxe1 Ne4 26. Nf3 Kf6 27.
a3 g5 28. fxg5+ Nxg5 29. b4 Nxf3+ 30. gxf3 cxb4 31. axb4 Ke5 32. Kf2 Kd5 33.
Kg3 Kc4 34. Kf4 Kc3 35. Kxf5 Kxc2 36. f4 d3 37. Ke6 d2 38. f5 d1=Q 39. f6 Qe1+
40. Kf7 Qxb4 41. Kg7 Qd4 42. h4 h5 43. Kg6 Qg4+ 44. Kh7 Qxh4 45. f7 Qe7 46. Kg8
Qxf7+ 0-1

[Event "V Festival Scacchi Verdi"]
[Site "Bresso ITA"]
[Date "2006.06.16"]
[Round "2"]
[White "Chiarello, Simone"]
[Black "Rezzonico, Paolo"]
[Result "0-1"]
[WhiteElo "1452"]
[BlackElo "2063"]
[PlyCount "62"]
[EventDate "2006.06.15"]

1. d4 Nf6 2. c4 g6 3. Nc3 d5 4. cxd5 Nxd5 5. e4 Nxc3 6. bxc3 Bg7 7. Bc4 O-O 8.
Ne2 c5 9. O-O Nc6 10. Bb2 Qc7 11. Qc2 Na5 12. Qa4 cxd4 13. Bd3 dxc3 14. Rac1
Bd7 15. Bb5 Bxb5 16. Qxb5 a6 17. Qd3 Rfd8 18. Qf3 c2 19. Bc3 Bxc3 20. Rxc2 b5
21. Rxc3 Nc4 22. Rb1 Qe5 23. Qg4 Nd2 24. Rbc1 Nxe4 25. Re3 f5 26. Qh4 Rac8 27.
f3 Rxc1+ 28. Nxc1 Rd1+ 29. Re1 Qc5+ 30. Kh1 Rxe1+ 31. Qxe1 Nf2+ 0-1

[Event "V Festival Scacchi Verdi"]
[Site "Bresso ITA"]
[Date "2006.06.16"]
[Round "2"]
[White "Concavo, Daniele"]
[Black "Kokosar, Oliviero"]
[Result "1-0"]
[WhiteElo "1662"]
[BlackElo "1478"]
[PlyCount "47"]
[EventDate "2006.06.15"]

1. e4 e5 2. Nf3 Nc6 3. Bb5 a6 4. Ba4 b5 5. Bb3 Nf6 6. O-O Bc5 7. c3 O-O 8. d4
Bd6 9. dxe5 Nxe5 10. Nxe5 Bxe5 11. f4 Bd6 12. e5 Bc5+ 13. Kh1 Ne8 14. Qd5 c6
15. Qxc5 a5 16. f5 a4 17. Bc2 Ba6 18. f6 g6 19. Bh6 Nc7 20. Bxf8 Qxf8 21. Qxf8+
Kxf8 22. Re1 Ne6 23. Nd2 Rd8 24. Ne4 1-0

[Event "V Festival Scacchi Verdi"]
[Site "Bresso ITA"]
[Date "2006.06.16"]
[Round "2"]
[White "Ferraris, Fulvio"]
[Black "Tosetto, Flavio"]
[Result "1/2-1/2"]
[WhiteElo "1751"]
[BlackElo "1748"]
[PlyCount "111"]
[EventDate "2006.06.15"]

1. d4 Nf6 2. Nf3 g6 3. c4 Bg7 4. Nc3 d6 5. Bg5 O-O 6. e3 Na6 7. h4 Bg4 8. Be2
c5 9. d5 Qa5 10. Kf1 Rab8 11. Nd2 Bxe2+ 12. Qxe2 e6 13. dxe6 fxe6 14. Bxf6 Bxf6
15. Nde4 Qd8 16. h5 g5 17. Rd1 Be5 18. Qg4 h6 19. Qxe6+ Kh7 20. Qg6+ Kh8 21.
Qxh6+ Kg8 22. Qxg5+ Qxg5 23. Nxg5 Rf5 24. Nf3 Rbf8 25. Nb5 R5f6 26. Rd2 Nb4 27.
a3 Nc6 28. b3 a6 29. Nxe5 dxe5 30. Nc3 Na5 31. Ne4 Rc6 32. Rd3 b5 33. cxb5 axb5
34. Rh3 c4 35. bxc4 Rxc4 36. Rg3+ Kh8 37. Rd6 Rc6 38. Rxc6 Nxc6 39. Nd6 b4 40.
axb4 Nxb4 41. Rg5 Nd3 42. f3 Ra8 43. Ke2 Nc1+ 44. Kf2 Ra2+ 45. Kg3 Ne2+ 46. Kg4
Ra4+ 47. Kf5 Ra5 48. Kf6 Ra6 49. Kxe5 Ra5+ 50. Kf6 Rxg5 51. Kxg5 Nc3 52. Kg6
Nd5 53. Nf7+ Kg8 54. Nh6+ Kh8 55. Nf5 Ne7+ 56. Nxe7 1/2-1/2

[Event "V Festival Scacchi Verdi"]
[Site "Bresso ITA"]
[Date "2006.06.16"]
[Round "2"]
[White "Giannini, Mario"]
[Black "Fornari, Sergio"]
[Result "1-0"]
[WhiteElo "1539"]
[BlackElo "1430"]
[PlyCount "57"]
[EventDate "2006.06.15"]

1. e4 g6 2. d4 Bg7 3. Nf3 d6 4. Nc3 e6 5. Be3 Nd7 6. Qd2 b6 7. O-O-O Bb7 8. Bd3
Qe7 9. Qe2 Ngf6 10. h3 e5 11. Nd2 exd4 12. Bxd4 Nc5 13. g4 Nxd3+ 14. Qxd3 Bh6
15. Rhe1 c5 16. e5 Bxd2+ 17. Qxd2 Ne4 18. exd6 Qe6 19. Bxh8 Nxd2 20. Rxe6+ fxe6
21. Rxd2 Kd7 22. Be5 a6 23. g5 b5 24. f4 Bc6 25. Nd1 a5 26. Ne3 Bf3 27. Ng4
Bxg4 28. hxg4 Rh8 29. Bxh8 1-0

[Event "V Festival Scacchi Verdi"]
[Site "Bresso ITA"]
[Date "2006.06.16"]
[Round "2"]
[White "Laketic, Gojko"]
[Black "Faccio, Fabio"]
[Result "1/2-1/2"]
[WhiteElo "2446"]
[BlackElo "1948"]
[PlyCount "138"]
[EventDate "2006.06.15"]

1. d4 Nf6 2. c4 e6 3. Nc3 Bb4 4. e3 O-O 5. Nge2 d5 6. a3 Be7 7. cxd5 exd5 8.
Nf4 Be6 9. Nxe6 fxe6 10. g3 c5 11. Bh3 Qd7 12. O-O Nc6 13. dxc5 Bxc5 14. b4 Bb6
15. Bb2 Qe7 16. Na4 e5 17. Qe2 Bc7 18. Nc5 Bd6 19. Rac1 Bxc5 20. Rxc5 a5 21.
Bg2 axb4 22. axb4 Nxb4 23. Qb5 Nc6 24. Bxd5+ Nxd5 25. Rxd5 Ra5 26. Qb3 Qf7 27.
Rb5 Qxb3 28. Rxb3 Rf7 29. Rc1 Rd7 30. Rb1 Rad5 31. Ba3 Na5 32. Rb4 Rd3 33. Bb2
Nc6 34. Rb5 R3d5 35. Rb6 Rd1+ 36. Rxd1 Rxd1+ 37. Kg2 Rd7 38. e4 Nd4 39. h4 h5
40. Ba3 Kf7 41. Bd6 Nc6 42. Bc5 Ke6 43. Kf3 Rd3+ 44. Be3 Rd7 45. g4 g6 46. Bc5
Rd3+ 47. Be3 Rd7 48. Kg3 Kf7 49. Kf3 Ke6 50. Rb1 Nd4+ 51. Bxd4 exd4 52. Rb6+
Rd6 53. Rxb7 d3 54. Rb1 hxg4+ 55. Kf4 d2 56. Rd1 Rd4 57. Kxg4 Rxe4+ 58. Kg5 Re2
59. f3 Rf2 60. Kf4 Rg2 61. Ke3 Ke5 62. Rxd2 Rxd2 63. Kxd2 Kf4 64. Ke2 Kg3 65.
Ke3 Kxh4 66. Kf4 Kh5 67. Ke5 g5 68. Kf6 g4 69. fxg4+ Kxg4 1/2-1/2

[Event "V Festival Scacchi Verdi"]
[Site "Bresso ITA"]
[Date "2006.06.16"]
[Round "2"]
[White "Marinone, Lucio"]
[Black "Cazzaniga, Walter"]
[Result "0-1"]
[WhiteElo "1940"]
[BlackElo "2134"]
[PlyCount "70"]
[EventDate "2006.06.15"]

1. d4 Nf6 2. c4 g6 3. Nc3 Bg7 4. e4 d6 5. Nge2 O-O 6. Ng3 e5 7. d5 a5 8. h4 h6
9. Be2 Na6 10. Be3 Nc5 11. Qd2 Kh7 12. f3 Ne8 13. O-O-O Bd7 14. Nf1 f5 15. exf5
gxf5 16. g4 f4 17. Bxc5 dxc5 18. Qc2+ Kh8 19. g5 Nd6 20. Nd2 Nf5 21. Rdg1 Ra6
22. Nde4 Qe7 23. Bd3 Nd4 24. Qg2 Bf5 25. Na4 b6 26. Nac3 Raa8 27. Qf1 Rad8 28.
h5 hxg5 29. d6 cxd6 30. Nd5 Qe6 31. h6 Bf6 32. Nexf6 Rxf6 33. Nxf6 Qxf6 34. h7
Rd7 35. Rh5 Rg7 0-1

[Event "V Festival Scacchi Verdi"]
[Site "Bresso ITA"]
[Date "2006.06.16"]
[Round "2"]
[White "Mastroddi, Emiliano"]
[Black "Ronconi, Fausto"]
[Result "1-0"]
[WhiteElo "2075"]
[BlackElo "1703"]
[PlyCount "35"]
[EventDate "2006.06.15"]

1. e4 e6 2. d4 d5 3. Nc3 Bb4 4. e5 c5 5. a3 cxd4 6. Qxd4 Bxc3+ 7. Qxc3 Nc6 8.
Qg3 g6 9. Bd3 Qc7 10. Nf3 Nge7 11. Bd2 Nf5 12. Bxf5 exf5 13. O-O Be6 14. Bg5
Ne7 15. Nd4 O-O-O 16. Nb5 Qc5 17. Nd6+ Rxd6 18. Bxe7 1-0

[Event "V Festival Scacchi Verdi"]
[Site "Bresso ITA"]
[Date "2006.06.16"]
[Round "2"]
[White "Merlini, Luigi"]
[Black "Bettini, Massimo"]
[Result "0-1"]
[WhiteElo "1432"]
[BlackElo "1915"]
[PlyCount "116"]
[EventDate "2006.06.15"]

1. e4 e5 2. Nf3 Nc6 3. d4 exd4 4. Nxd4 Qh4 5. Nc3 Bb4 6. Qd3 Nf6 7. g3 Qxe4+ 8.
Qxe4+ Nxe4 9. Nde2 d6 10. Be3 Bf5 11. O-O-O Nxc3 12. Nxc3 Bxc3 13. bxc3 Be4 14.
Rg1 O-O 15. Bd3 Rfe8 16. h4 a5 17. a4 Bf3 18. Rde1 Ne5 19. Kd2 Bc6 20. Be2 Bxa4
21. h5 h6 22. g4 f6 23. f4 Nf7 24. Bc4 Bc6 25. Bxf7+ Kxf7 26. g5 Be4 27. Bd4 c5
28. Be3 Bf5 29. Rb1 Reb8 30. Rb6 Ra6 31. Rgb1 Rxb6 32. Rxb6 Ke7 33. c4 a4 34.
Kc3 Be4 35. Bc1 f5 36. Bb2 Bc6 37. Kd2 Kf8 38. Ba1 Re8 39. Rb1 Kf7 40. Rg1 Re4
41. gxh6 gxh6 42. Rg7+ Kf8 43. Rg6 Rxf4 44. Rxh6 Rxc4 45. Rxd6 Be4 46. h6 Rxc2+
47. Ke3 Rh2 48. Bg7+ Kg8 49. Be5 Rh3+ 50. Kf4 a3 51. Kg5 a2 52. Rd7 b5 53. Rg7+
Kf8 54. Bd6+ Ke8 55. h7 a1=Q 56. Re7+ Kd8 57. Kg6 Qg1+ 58. Kf6 Rh6+ 0-1

[Event "V Festival Scacchi Verdi"]
[Site "Bresso ITA"]
[Date "2006.06.16"]
[Round "2"]
[White "Pepa, Syrja"]
[Black "Madaschi, Sergio"]
[Result "1-0"]
[WhiteElo "1715"]
[BlackElo "1502"]
[PlyCount "59"]
[EventDate "2006.06.15"]

1. e4 c5 2. Nf3 Nc6 3. d4 cxd4 4. Nxd4 Nf6 5. Nc3 e5 6. Ndb5 d6 7. Bg5 Be7 8.
f3 a6 9. Na3 O-O 10. Qd2 Be6 11. Nc4 Bxc4 12. Bxc4 Qc7 13. Bxf6 Bxf6 14. Nd5
Qd8 15. c3 Bg5 16. Qe2 b5 17. Bb3 Na5 18. Bc2 Nc4 19. Bb3 Rc8 20. Bxc4 Rxc4 21.
O-O Rc6 22. a4 bxa4 23. Rxa4 Qa8 24. Rfa1 Qa7+ 25. Qf2 Qb7 26. Nb4 Rb6 27. Rxa6
Rxa6 28. Rxa6 Rd8 29. h4 Be7 30. Ra7 1-0

[Event "V Festival Scacchi Verdi"]
[Site "Bresso ITA"]
[Date "2006.06.16"]
[Round "2"]
[White "Perissinotto, Claudio"]
[Black "Carbone, Lorenzo"]
[Result "0-1"]
[WhiteElo "2119"]
[BlackElo "1814"]
[PlyCount "50"]
[EventDate "2006.06.15"]

1. e4 c5 2. Nf3 d6 3. d4 cxd4 4. Nxd4 Nf6 5. Nc3 e6 6. g4 h6 7. h4 Be7 8. Be3
g6 9. Be2 a6 10. Rg1 e5 11. Nb3 b5 12. g5 hxg5 13. hxg5 Nfd7 14. Qd5 Qc7 15.
Qxa8 Bb7 16. Nd5 Qc8 17. Nb6 Nxb6 18. Qa7 N6d7 19. Na5 Bxe4 20. f3 Bd8 21. fxe4
Bxa5+ 22. Bd2 Bb6 23. Qa8 Bxg1 24. O-O-O Bd4 25. Bb4 Rh2 0-1

[Event "V Festival Scacchi Verdi"]
[Site "Bresso ITA"]
[Date "2006.06.16"]
[Round "2"]
[White "Pezzotta, Gianni"]
[Black "Mannoni, Luigi"]
[Result "1/2-1/2"]
[WhiteElo "1468"]
[BlackElo "1649"]
[PlyCount "77"]
[EventDate "2006.06.15"]

1. Nf3 Nc6 2. g3 e5 3. c3 Nf6 4. Bg2 d5 5. d3 Be7 6. O-O O-O 7. Nbd2 Bd7 8. Ne1
Qc8 9. e3 Bh3 10. d4 Bxg2 11. Kxg2 e4 12. a3 Nd8 13. f3 exf3+ 14. Nexf3 Ng4 15.
Qe2 f5 16. c4 Qe6 17. Re1 c6 18. c5 Nf7 19. b4 a6 20. Nb1 Bg5 21. Nxg5 Nxg5 22.
Nc3 Qh6 23. h4 Ne4 24. Nxe4 dxe4 25. Qc4+ Kh8 26. Qe2 Rad8 27. a4 Qe6 28. Bd2
Rd7 29. Rf1 h5 30. b5 axb5 31. axb5 Kh7 32. b6 Rdf7 33. Ra3 Rg8 34. Raa1 Kh6
35. Rf4 g5 36. hxg5+ Rxg5 37. Rh1 Rfg7 38. Rh3 Qg6 39. Be1 1/2-1/2

[Event "V Festival Scacchi Verdi"]
[Site "Bresso ITA"]
[Date "2006.06.16"]
[Round "2"]
[White "Piazza, Angelo"]
[Black "Rossi, Giampiero"]
[Result "1/2-1/2"]
[WhiteElo "2008"]
[BlackElo "2002"]
[PlyCount "103"]
[EventDate "2006.06.15"]

1. b3 d5 2. Nf3 c6 3. Bb2 e6 4. e3 Nf6 5. Be2 Nbd7 6. O-O Be7 7. c4 O-O 8. Qc2
b6 9. cxd5 cxd5 10. Rc1 Bb7 11. Qc7 Qb8 12. Na3 Rc8 13. Qxb8 Raxb8 14. Nb5 a6
15. Na7 Rxc1+ 16. Rxc1 Bd6 17. Nc6 Rc8 18. Ncd4 Rxc1+ 19. Bxc1 h6 20. Nc2 Kf8
21. Kf1 Ke7 22. Bb2 Ne8 23. Bc3 f6 24. Nb4 Nc7 25. d4 a5 26. Nc2 Ba6 27. Bxa6
Nxa6 28. Ke2 Ndb8 29. Kd3 Nc6 30. h3 Nab4+ 31. Nxb4 Bxb4 32. Nd2 Bxc3 33. Kxc3
Kd6 34. f3 Na7 35. e4 Nb5+ 36. Kd3 Nc7 37. Nf1 f5 38. Ne3 fxe4+ 39. fxe4 Ne8
40. exd5 exd5 41. Kc3 Ke6 42. b4 axb4+ 43. Kxb4 Nc7 44. g4 Kf6 45. h4 g6 46. a4
h5 47. g5+ Ke6 48. a5 bxa5+ 49. Kxa5 Kd6 50. Kb4 Ne6 51. Kc3 Nf4 52. Kd2
1/2-1/2

[Event "V Festival Scacchi Verdi"]
[Site "Bresso ITA"]
[Date "2006.06.16"]
[Round "2"]
[White "Scotti, Mirko"]
[Black "Bozzali, Ermanno"]
[Result "1-0"]
[WhiteElo "1876"]
[BlackElo "2089"]
[PlyCount "127"]
[EventDate "2006.06.15"]

1. d4 Nf6 2. Bg5 Ne4 3. Bh4 c5 4. f3 Qa5+ 5. c3 Nf6 6. Nd2 cxd4 7. Nb3 Qb6 8.
Qxd4 Qxd4 9. Nxd4 a6 10. e4 Nc6 11. Nxc6 bxc6 12. Bc4 d6 13. Ne2 Rb8 14. b4 Nd7
15. Bg3 g6 16. O-O Bg7 17. Rac1 Ne5 18. Bxe5 Bxe5 19. Rfd1 O-O 20. Nd4 Bb7 21.
Nb3 Bf4 22. Rc2 e6 23. Na5 d5 24. Nxb7 Rxb7 25. exd5 exd5 26. Bxa6 Rb6 27. Be2
Ra8 28. b5 cxb5 29. Rxd5 b4 30. cxb4 Be3+ 31. Kf1 Rxb4 32. Rb5 Rxb5 33. Bxb5
Kg7 34. a4 Kf6 35. Ke2 Bg1 36. h3 h5 37. Rc4 Ke5 38. Kd3 Rd8+ 39. Kc3 Rd1 40.
Re4+ Kf5 41. Be8 f6 42. h4 Bh2 43. a5 Be5+ 44. Kc4 Rd8 45. Bf7 Rd7 46. Bd5 g5
47. a6 Rc7+ 48. Kb5 Bd6 49. Bb7 gxh4 50. Rxh4 Kg5 51. Rd4 Bh2 52. Rc4 Re7 53.
a7 Rxb7+ 54. Ka6 Rxa7+ 55. Kxa7 f5 56. Kb6 f4 57. Kc6 Kh4 58. Rc5 Kg3 59. Rg5+
Kf2 60. Kd5 Bg3 61. Rxh5 Kxg2 62. Ke4 Kf2 63. Rf5 Kg2 64. Rxf4 1-0

[Event "V Festival Scacchi Verdi"]
[Site "Bresso ITA"]
[Date "2006.06.16"]
[Round "2"]
[White "Viale, Fabio"]
[Black "Brighenti, Alessandro"]
[Result "1-0"]
[WhiteElo "1613"]
[BlackElo "1460"]
[PlyCount "113"]
[EventDate "2006.06.15"]

1. d4 Nf6 2. c4 g6 3. Nc3 d5 4. Bg5 Ne4 5. Nxe4 dxe4 6. e3 Bg7 7. Ne2 c5 8. d5
Bxb2 9. Rb1 Qa5+ 10. Qd2 Qxd2+ 11. Kxd2 Bg7 12. g3 Na6 13. h4 h6 14. Bf4 f6 15.
g4 g5 16. hxg5 fxg5 17. Bh2 O-O 18. Bg3 b6 19. Bg2 Bxg4 20. Bxe4 Bf3 21. Bxf3
Rxf3 22. Ng1 Rf7 23. Nh3 Nb8 24. f4 gxf4 25. Bxf4 Nd7 26. Rbg1 Kf8 27. Rg6 Rf6
28. Rhg1 Rxg6 29. Rxg6 Kf7 30. Re6 Nf8 31. Re4 Ng6 32. Bg3 Rf8 33. Re6 Ba1 34.
Nf4 Nxf4 35. Bxf4 Rg8 36. Kc2 Rg6 37. Kb1 Bg7 38. Re4 h5 39. Bc7 Bf6 40. Rf4
Rg4 41. Kc2 Rxf4 42. Bxf4 h4 43. Kd3 h3 44. e4 Bd4 45. Ke2 Bg1 46. Kf3 Kg6 47.
e5 h2 48. Kg2 Kf5 49. Bg3 Bd4 50. d6 exd6 51. exd6 Bf6 52. Kxh2 Ke4 53. Kh3 Kd3
54. Bh4 Bd8 55. Bxd8 Kxc4 56. d7 Kb5 57. Bf6 1-0

[Event "V Festival Scacchi Verdi"]
[Site "Bresso ITA"]
[Date "2006.06.16"]
[Round "2"]
[White "Zucchi, Oreste"]
[Black "Taglione, Giuseppe"]
[Result "1-0"]
[WhiteElo "1550"]
[BlackElo "1442"]
[PlyCount "29"]
[EventDate "2006.06.15"]

1. d4 d5 2. Nf3 Nf6 3. e3 e6 4. Nbd2 Bd6 5. Bd3 Nc6 6. O-O b6 7. e4 dxe4 8.
Nxe4 Nxe4 9. Bxe4 Bb7 10. Re1 O-O 11. Bxh7+ Kh8 12. Bd3 Be7 13. c3 Bf6 14. Ne5
Bxe5 15. Qh5+ 1-0